00326nam a2200121 a 45000010005000000030005000050050017000100080041000270400020000681000031000882450065001192600020001842050CDMR20130116135223.0130130s1974||||||||||||||||||||||||||||d aCDMRbcatcCDMR1 aAlamo Sosa, José Alberto13aLa hemeroteca del "Museo Canario"cJosé Alberto Alamo Sosa aBarcelonac1974